National Anthem of Socialist Yugoslavia - Hej, Slaveni! (Hey, Slavs!) - Statistics

General Stats
  • This quiz has been taken 4 times
  • The average score is 34 of 69
Answer Stats
Lyrics % Correct
Hej
100%
Slaveni,
100%
d[j]edova
75%
narod
75%
naših
75%
R[ij]eč
75%
srce
75%
živi
75%
Živi,
75%
živi
75%
bije
50%
bio
50%
bio
50%
Burom
50%
će
50%
Dok
50%
domovine!
50%
domovine!
50%
dub
50%
(duh)
50%
duh
50%
i
50%
izdajica
50%
izdajica
50%
jošte
50%
Kano
50%
klisurine
50%
lama
50%
Mi
50%
nad
50%
nama
50%
Nek
50%
nek
50%
Njihovih
50%
postojano
50%
Proklet
50%
Proklet
50%
puca,
50%
raznese
50%
sada
50%
se
50%
se
50%
se
50%
sinova
50%
slavenski
50%
St[j]ena
50%
stojimo
50%
sve
50%
Svoje
50%
Svoje
50%
trese
50%
v[j]ekov'ma
50%
za
50%
Zemlja
50%
Živjet
50%
groma
25%
groma
25%
pakla
25%
pakla
25%
ponor
25%
ponor
25%
pr[ij]eti
25%
pr[ij]eti
25%
vatra
25%
vatra
25%
Zalud
25%
Zalud
25%
Zalud
25%
Zalut
0%
No matching quizzes found
Score Distribution
Percent of People with Each Score
Percentile by Number Answered
Your Score History
You have not taken this quiz